[Event "SLO-chT"]
[Site "Ljubljana"]
[Date "1997.??.??"]
[Round "?"]
[White "Soln, Primoz"]
[Black "Zorko, Dusan"]
[Result "1-0"]
[WhiteElo "2325"]
[BlackElo "2240"]

1.d4 Nf6 2.c4 e6 3.Nf3 Bb4+ 4.Bd2 Qe7 5.g3 Bxd2+ 6.Qxd2 b6 7.Nc3 Bb7 8.Bg2 d6
9.O-O Nbd7 10.Qc2 O-O 11.e4 Rac8 12.b3 h6 13.Rfe1 Nh7 14.Rad1 Rfd8 15.Qd2 Ndf8
16.d5 e5 17.Nh4 Ra8 18.f4 f6 19.Bh3 Bc8 20.Bf5 Re8 21.Qe2 Qf7 22.Qg4 h5 23.Qe2 g6
24.Bxc8 Raxc8 25.Rf1 Re7 26.g4 hxg4 27.Qxg4 Qe8 28.Nf5 Rd7 29.Rd3 Kh8 30.Rg3 exf4
31.Rxf4 Rcd8 32.Nd4 Rf7 33.Ne6 Rdd7 34.Nb5 Rde7 35.Nbd4 c5 36.Nxf8 Nxf8 37.Nf5 Rd7
38.Qh4+ Nh7 39.Rxg6 Rf8 40.Rg3 Qe5 41.Qg4 Rb7 42.Nh4 Qd4+ 43.Kg2 Re8 44.Ng6+ Kg7
45.Ne7+  1-0

[Event "SLO-chT"]
[Site "Ljubljana"]
[Date "1997.??.??"]
[Round "?"]
[White "Farago, Ivan"]
[Black "Dizdar, Goran"]
[Result "1/2-1/2"]
[WhiteElo "2445"]
[BlackElo "2545"]

1.d4 Nf6 2.c4 e6 3.Nf3 Bb4+ 4.Bd2 c5 5.Bxb4 cxb4 6.g3 O-O 7.Bg2 d6 8.O-O Nc6
9.Nbd2 Re8 10.Qb3 a5 11.d5 exd5 12.cxd5 Ne7 13.Nd4 Nf5 14.N2f3 Nxd4 15.Nxd4 Nd7
16.a3 Nc5 17.Qf3 Qb6 18.Qf4 Bd7 19.Rfd1 Rad8  1/2-1/2

[Event "SLO-chT"]
[Site "Ljubljana"]
[Date "1997.??.??"]
[Round "?"]
[White "Osterman, Rudolf"]
[Black "Jeric, Simon"]
[Result "1/2-1/2"]
[WhiteElo "2400"]
[BlackElo "2365"]

1.d4 Nf6 2.c4 e6 3.Nf3 Bb4+ 4.Bd2 Bxd2+ 5.Qxd2 d6 6.Nc3 Nbd7 7.e4 e5 8.Be2 O-O
9.O-O Re8 10.d5 a5 11.Qc2 Nc5 12.b3 Nh5 13.g3 g6 14.Nd2 Bh3 15.Rfe1 Ng7 16.Bf1 Bxf1
17.Nxf1 f5 18.f3 Rf8 19.Qe2 f4 20.g4 h5 21.h3 hxg4 22.hxg4 Kf7 23.Rab1 Rh8
24.Qg2 Qe7 25.Red1 Rh7 26.a3 Rah8 27.b4 axb4 28.axb4 Nd7 29.c5 Rh3 30.Kf2 dxc5
31.Nb5 Ne8 32.Rbc1 b6 33.Ke2 cxb4 34.d6 cxd6 35.Rc6 Qe6 36.Nxd6+ Nxd6 37.Rdxd6 Qa2+
38.Rd2 Qa6+ 39.Ke1 Nc5 40.Rc7+ Ke6 41.Rc6+ Ke7 42.Rc7+ Ke6 43.Rc6+ Ke7 44.Rc7+  1/2-1/2

[Event "Ljubljana op"]
[Site "Ljubljana"]
[Date "1997.??.??"]
[Round "1"]
[White "Kodela, Marko"]
[Black "Dizdar, Selim"]
[Result "0-1"]
[WhiteElo "2025"]
[BlackElo "2395"]

1.d4 e6 2.c4 Nf6 3.Nf3 Bb4+ 4.Bd2 Qe7 5.e3 O-O 6.Bd3 Bxd2+ 7.Qxd2 d6 8.Nc3 e5
9.dxe5 dxe5 10.Qc2 Na6 11.Ng5 h6 12.Nge4 Nb4 13.Qb1 Nxd3+ 14.Qxd3 Be6 15.Nxf6+ Qxf6
16.O-O Rad8 17.Qe2 Qg6 18.Rad1 c6 19.f3 h5 20.b3 h4 21.Rd2 h3 22.Rfd1 Rxd2
23.Rxd2 hxg2 24.Qxg2 Qh6 25.Kf2 f5 26.Qg3 f4 27.exf4 exf4 28.Qg1 Bf5 29.Ke1 Qe6+
30.Kd1 Re8 31.Kc1 Qe3 32.Qxe3 Rxe3 33.Ne2 Rxf3 34.Nd4 Rf1+ 35.Kb2 Bg4 36.Kc3 Kf7
37.Ne2 Ke6 38.Kd4 Rf2 39.Kd3 Rxe2 40.Rxe2+ Bxe2+ 41.Kxe2  0-1

[Event "Rheinhessen-ch M1"]
[Site "Mainz"]
[Date "1997.??.??"]
[Round "8"]
[White "Lisanti, Andre"]
[Black "Spiegel, Stefan"]
[Result "1-0"]
[WhiteElo "2330"]
[BlackElo "2270"]

1.d4 Nf6 2.c4 e6 3.Nf3 Bb4+ 4.Bd2 Qe7 5.g3 Nc6 6.Nc3 Bxc3 7.Bxc3 Ne4 8.Rc1 O-O
9.d5 Qc5 10.e3 Nb4 11.Qa4 Nxc3 12.Rxc3 exd5 13.a3 Nc6 14.Qb5 Qe7 15.cxd5 Ne5
16.Nxe5 Qxe5 17.Bg2 f5 18.O-O c6 19.Qc4 Kh8 20.Rd1 a5 21.Rd4 Ra6 22.a4 Re8
23.Qb3 Qf6 24.Bf1 Ra8 25.Bg2 Ra6 26.Bf1 Ra8 27.Qb6 g5 28.h4 h6 29.Qc7 Qe5
30.Qb6 Qf6 31.Rc2 Qe5 32.Rcd2 Kg7 33.d6 Rf8 34.hxg5 hxg5 35.Rc2 Rh8 36.Rc5 Qf6
37.Rxa5 Qh6 38.Bg2 Ra6 39.Rxa6 bxa6 40.Qc7 Kf6 41.Qa7 Qh5 42.Rd2 Qg4 43.Qc5 Re8
44.Bxc6 Re5 45.Bd5 f4 46.Qxc8 fxe3 47.Qf8+ Kg6 48.Bf7+  1-0

[Event "CUB-ch"]
[Site "Matanzas"]
[Date "1997.??.??"]
[Round "3"]
[White "Borges Mateos, Juan"]
[Black "Arencibia, Walter"]
[Result "1/2-1/2"]
[WhiteElo "2500"]
[BlackElo "2560"]

1.d4 Nf6 2.c4 e6 3.Nf3 Bb4+ 4.Bd2 Qe7 5.g3 Nc6 6.Bg2 Bxd2+ 7.Nbxd2 d6 8.O-O a5
9.e4 e5 10.d5 Nb8 11.Ne1 O-O 12.Nd3 Na6 13.f4 c6 14.Qa4  1/2-1/2

[Event "CRO-chT"]
[Site "Medulin"]
[Date "1997.??.??"]
[Round "?"]
[White "Novikov, Igor A"]
[Black "Kurajica, Bojan"]
[Result "1/2-1/2"]
[WhiteElo "2580"]
[BlackElo "2545"]

1.d4 Nf6 2.c4 e6 3.Nf3 Bb4+ 4.Bd2 Qe7 5.g3 b6 6.Bg2 Bb7 7.O-O Bxd2 8.Qxd2 O-O
9.Nc3 d5 10.Ne5 Na6 11.Rfd1 Rfd8 12.Qg5 h6 13.Qh4 Re8 14.cxd5 exd5 15.Ng4 Nxg4
16.Qxg4 Rad8 17.Rd3 c6 18.Re3 Qb4 19.Rxe8+ Rxe8 20.Rb1 Qd6 21.e3 Nc7 22.b4 Ba6
23.Bf1 Bc4 24.Qd1 b5 25.a4 Rb8 26.axb5 cxb5 27.Ne2 a5 28.bxa5 Ra8 29.Qe1 Qa6
30.Ra1 b4 31.Rb1 Ne6 32.Rxb4 Ng5 33.Qd1 Qxa5 34.Rb2 Nf3+ 35.Kg2 Ne1+ 36.Kg1 Nd3
37.Rb7 Qa2 38.Qb1 Qd2 39.Rb8+ Rxb8 40.Qxb8+ Kh7 41.Qc8 Qe1 42.Qf5+ Kg8 43.Qc8+ Kh7  1/2-1/2

[Event "CRO-chT"]
[Site "Medulin"]
[Date "1997.??.??"]
[Round "?"]
[White "Radocaj, Denis"]
[Black "Franic, Milan"]
[Result "1/2-1/2"]
[WhiteElo "2370"]
[BlackElo "2410"]

1.d4 Nf6 2.c4 e6 3.Nf3 Bb4+ 4.Bd2 Qe7 5.g3 Bxd2+ 6.Qxd2 d5 7.Bg2 O-O 8.O-O Rd8
9.Qc2 b6 10.Nbd2 Bb7 11.a3 c5 12.cxd5 exd5 13.Rfe1 Nbd7 14.Rac1 a5 15.dxc5 bxc5
16.Nh4 Re8 17.Nc4 Ra6 18.e3 g6 19.Nd2 Raa8 20.h3 Ra6 21.Kh2 Ba8 22.b3 Re6
23.Nhf3 Qd8 24.Ng5 Re5 25.Ngf3 R5e6 26.Ng5 R6e7 27.Ngf3 Qb6 28.Qc3 Bb7 29.Rb1 d4
30.exd4 cxd4 31.Qd3 Rxe1 32.Rxe1 Rxe1 33.Nxe1 Bxg2 34.Kxg2 Ne5 35.Qe2 Qc5
36.b4 axb4 37.axb4 Qd5+ 38.Nef3 Nc6 39.Qc4 Qxc4  1/2-1/2

[Event "CRO-chT2"]
[Site "Medulin"]
[Date "1997.??.??"]
[Round "?"]
[White "Viland, Boris"]
[Black "Sulc, Damir"]
[Result "0-1"]
[WhiteElo "2210"]
[BlackElo "2250"]

1.d4 Nf6 2.c4 e6 3.Nf3 Bb4+ 4.Bd2 Qe7 5.g3 b6 6.Bg2 Bb7 7.O-O Bxd2 8.Qxd2 d6
9.Nc3 O-O 10.d5 e5 11.e4 Nbd7 12.Ne1 a5 13.f4 Rae8 14.f5 Kh8 15.Nc2 Nc5 16.b3 Bc8
17.Ne3 Bd7 18.Qc2 g6 19.Rf2 Nh5 20.Bh3 Qg5 21.Qe2 Nf4 22.Rxf4 exf4 23.Ng2 fxg3
24.Rf1 gxh2+ 25.Kxh2 Bxf5 26.Bxf5 gxf5 27.Qb2 fxe4 28.Nxe4+ Qg7  0-1

[Event "Metz op"]
[Site "Metz"]
[Date "1997.??.??"]
[Round "4"]
[White "Khenkin, Igor"]
[Black "Komljenovic, Davor"]
[Result "1/2-1/2"]
[WhiteElo "2505"]
[BlackElo "2460"]

1.d4 Nf6 2.c4 e6 3.Nf3 Bb4+ 4.Bd2 c5 5.Bxb4 cxb4 6.g3 b6 7.Bg2 Bb7 8.O-O O-O
9.Qb3 a5 10.a3 Na6 11.Nbd2 d6 12.Rfd1 Qc7 13.Ne1 Bxg2 14.Nxg2 e5 15.Qd3 Rfe8
16.Ne3 Rad8 17.Ne4 Nxe4 18.Qxe4 exd4 19.Qxd4 Nc5 20.Nf5 Re5 21.Qg4 g6 22.Ne3 Ne4
23.axb4 axb4 24.Rd4 f5 25.Qh4 Rf8 26.Nd5 Qg7 27.Nxb4 f4 28.Nc6 g5 29.Qh5 fxg3
30.hxg3 Nf6 31.Qf3 g4 32.Qd3 Rh5 33.Qd2 Qb7 34.Rxd6 Ne4 35.Qd4 Nxd6 36.Qxg4+ Kh8
37.Ra7 Rh1+ 38.Kxh1 Qxc6+ 39.Kg1 Nf5 40.e4 Qxc4 41.Qf4 Qd4 42.Qf3 Qxb2 43.exf5 Qb1+
44.Kg2 Qxf5 45.Qc3+ Qf6 46.Qxf6+ Rxf6 47.f4 Kg8 48.Rb7 Rg6 49.Kh3 Rh6+ 50.Kg4 Rg6+
51.Kh4 Rh6+ 52.Kg5 Rg6+ 53.Kh4 Rh6+ 54.Kg4 Rg6+ 55.Kf3 h5 56.Rd7 Rc6 57.Kg2 Rc5
58.Kh3 b5 59.Kh4 Rf5 60.Rb7 Rc5 61.g4 hxg4 62.Kxg4 b4 63.f5 b3 64.Rxb3 Rc6
65.Kg5 Kg7 66.Rb7+ Kf8 67.f6 Rc1 68.Kg6 Rg1+ 69.Kf5  1/2-1/2

[Event "Minsk op"]
[Site "Minsk"]
[Date "1997.??.??"]
[Round "1"]
[White "Shipov, Sergei"]
[Black "Ginzburg, Mikhail"]
[Result "1-0"]
[WhiteElo "2540"]
[BlackElo "2145"]

1.d4 Nf6 2.c4 e6 3.Nf3 Bb4+ 4.Bd2 Bxd2+ 5.Qxd2 d5 6.g3 O-O 7.Bg2 c6 8.Qc2 Nbd7
9.Nbd2 b6 10.e4 dxe4 11.Nxe4 Nxe4 12.Qxe4 Bb7 13.O-O Nf6 14.Qe3 Qc7 15.Rfd1 Rac8
16.b4 b5 17.Ne5 Rfd8 18.a4 bxc4 19.Qc3 Nd5 20.Qxc4 a5 21.bxa5 Qxa5 22.Rdb1 Ba8
23.Qc5 Qxc5 24.dxc5 Rb8 25.Bf1 g6 26.a5 Kg7 27.a6 Rxb1 28.Rxb1 Nc3 29.Rb4 f6
30.Nc4 Ne4 31.a7 Nxc5 32.Rb8 Rf8 33.Nb6 Bb7 34.Ba6  1-0

[Event "Minsk op"]
[Site "Minsk"]
[Date "1997.??.??"]
[Round "3"]
[White "Neverov, Valeriy"]
[Black "Zajogin, Alexander"]
[Result "1/2-1/2"]
[WhiteElo "2530"]
[BlackElo "2415"]

1.d4 Nf6 2.c4 e6 3.Nf3 Bb4+ 4.Bd2 a5 5.g3 d5 6.a3 Be7 7.Bg2 O-O 8.Qc2 c6
9.O-O Nbd7 10.Rd1 b6 11.Nc3 Ba6 12.Ne5 Nxe5 13.dxe5 Ng4 14.cxd5 cxd5 15.Bf4 g5
16.Bc1 Nxe5 17.b3 Rc8 18.Bb2 a4 19.Qb1 Bf6 20.e4 Nf3+ 21.Bxf3 Bxc3 22.Bg2 d4
23.bxa4 Qc7 24.Rxd4 Bxd4 25.Bxd4 e5 26.Bxb6 Qc4  1/2-1/2

[Event "Minsk op"]
[Site "Minsk"]
[Date "1997.??.??"]
[Round "6"]
[White "Shipov, Sergei"]
[Black "Savon, Vladimir A"]
[Result "1-0"]
[WhiteElo "2540"]
[BlackElo "2445"]

1.d4 Nf6 2.c4 e6 3.Nf3 Bb4+ 4.Bd2 a5 5.g3 d5 6.Qc2 dxc4 7.Qxc4 Nc6 8.a3 Qd5
9.Qd3 Bxd2+ 10.Nbxd2 O-O 11.Bg2 Rd8 12.Rc1 Nxd4 13.Qxd4 Qxd4 14.Nxd4 Rxd4
15.Rxc7 Rd7 16.Rc2 Rb8 17.Nc4 Rc7 18.Kd2 b6 19.Rhc1 Bb7 20.Bxb7 Rcxb7 21.Nd6 Rd8
22.Rc8 Rd7 23.Rxd8+ Rxd8 24.Rc8 Rf8 25.f3 g5 26.Kd3 h5 27.Rxf8+ Kxf8 28.Nc8 b5
29.Nd6 b4 30.Nc4 bxa3 31.bxa3 a4 32.Nb6 Ke7 33.Nxa4 g4 34.Nc3 Nd7 35.Kd4 f5
36.f4 Kd6 37.e4 e5+ 38.fxe5+ Nxe5 39.Nb5+ Ke6 40.Nc7+ Kf6 41.Ne8+  1-0

[Event "Moravia-chT 9697"]
[Site "?"]
[Date "1997.??.??"]
[Round "?"]
[White "Cvek, Robert"]
[Black "Augustin, Josef"]
[Result "1-0"]
[WhiteElo "2340"]
[BlackElo "2400"]

1.d4 Nf6 2.Nf3 e6 3.c4 Bb4+ 4.Bd2 Qe7 5.g3 O-O 6.Bg2 Bxd2+ 7.Qxd2 d6 8.Nc3 c6
9.O-O e5 10.e4 Re8 11.d5 c5 12.Ne1 Nh5 13.Nd3 g6 14.f4 f6 15.f5 g5 16.Bf3 Ng7
17.h4 Rf8 18.Qh2 Na6 19.Kg2 Bd7 20.Rh1 Ne8 21.Nf2 Qg7 22.Bh5 Nac7 23.Ng4 Rb8
24.Raf1 gxh4 25.Qxh4 b5 26.Bg6 bxc4 27.Qxh7+ Qxh7 28.Rxh7 Rxb2+ 29.Kf3  1-0

[Event "Petrosjan mem-J"]
[Site "Moscow"]
[Date "1997.??.??"]
[Round "?"]
[White "Dolinskij, Boris"]
[Black "Lukianenko, Evgenij"]
[Result "0-1"]
[WhiteElo "2225"]
[BlackElo "2275"]

1.d4 Nf6 2.c4 e6 3.Nf3 Bb4+ 4.Bd2 Qe7 5.g3 Nc6 6.Bg2 Bxd2+ 7.Nbxd2 d6 8.O-O O-O
9.e4 e5 10.d5 Nb8 11.Ne1 a5 12.Nd3 Na6 13.f4 Nd7 14.a3 Nac5 15.Nxc5 Nxc5
16.b4 Nd7 17.Qc2 axb4 18.axb4 Rxa1 19.Rxa1 exf4 20.gxf4 Qh4 21.Rf1 f5 22.Qd3 fxe4
23.Qxe4 Nf6 24.Qe7 Re8 25.Qxc7 Bh3 26.Bxh3 Qxh3 27.Nf3 h6 28.Qb6 Ng4 29.Qxb7 Nxh2
30.Nxh2 Re2 31.Rf2 Qg3+ 32.Kh1 Qxf2 33.Qc8+ Kf7 34.Qd7+ Re7 35.Qf5+ Kg8 36.Qc8+ Kh7  0-1

[Event "Moscow-ch"]
[Site "Moscow"]
[Date "1997.??.??"]
[Round "2"]
[White "Mukhaev, Aleksander"]
[Black "Kholmov, Ratmir D"]
[Result "1/2-1/2"]
[WhiteElo "2315"]
[BlackElo "2465"]

1.d4 Nf6 2.c4 e6 3.Nf3 Bb4+ 4.Bd2 Bxd2+ 5.Qxd2 d5 6.Nc3 O-O 7.e3 Qe7 8.Rc1 Rd8
9.Qc2 Nbd7 10.a3 a6 11.h3 dxc4 12.Bxc4 c5 13.O-O b5 14.Ba2 Bb7 15.Qe2 cxd4
16.exd4 Nb6 17.Rfd1 Rd6 18.Ne5 Rad8 19.Qe3 Ba8 20.f3 h6 21.Ne4 Nbd5 22.Qe1 Nxe4
23.fxe4 Nf6 24.Nxf7 Qxf7 25.e5 Qg6 26.Qe2 Rb6 27.exf6 Qxf6 28.Bb1 Rbd6 29.Qc2 g6
30.Qxg6+ Qxg6 31.Bxg6 Kg7 32.Bh5 Rxd4 33.Rc7+ Kf6 34.Rf1+ Ke5 35.Re1+ Re4
36.Rcc1 Bd5 37.Bf3 Rxe1+ 38.Rxe1+ Kd6 39.Kf2 Rf8 40.Rd1 Ke5 41.Ke3 Bxf3 42.gxf3 Rg8
43.f4+ Kf5 44.Kf3 Rc8 45.Re1 Rc5 46.Re3 h5 47.h4 Rc2 48.Re5+ Kf6 49.Rxh5 Rxb2
50.a4  1/2-1/2

[Event "Moscow-1"]
[Site "Moscow"]
[Date "1997.??.??"]
[Round "4"]
[White "Iljushin, Alexei"]
[Black "Zhidkov, Valery S"]
[Result "1/2-1/2"]
[WhiteElo "2410"]
[BlackElo "2335"]

1.d4 Nf6 2.c4 e6 3.Nf3 Bb4+ 4.Bd2 Qe7 5.g3 Nc6 6.Bg2 Bxd2+ 7.Nbxd2 d6 8.O-O a5
9.e4 e5 10.d5 Nb8 11.Ne1 h5 12.h3 h4 13.g4 Nh7 14.Nd3 Nd7 15.b3 Nc5 16.Nxc5 dxc5
17.f4 exf4 18.e5 O-O 19.Qe2 Re8 20.Rae1 Nf8 21.Rxf4 Ng6 22.Re4 a4 23.Nf3 Bd7
24.e6 fxe6 25.Ne5 Nf8 26.Nxd7 Qxd7 27.dxe6 Qe7 28.g5 axb3 29.axb3 Rad8 30.Qh5 g6
31.Qxh4 c6 32.Qf4 Rd4 33.Rxd4 cxd4 34.Qxd4 Nxe6 35.Qe3 Qb4 36.Qg3 Re7 37.Kh2 Nxg5
38.Rd1 Qc5 39.h4 Nh7 40.Qxg6+ Rg7 41.Qe6+ Kh8 42.Rd8+ Nf8 43.Qd6 Qxd6+ 44.Rxd6 Rd7
45.c5 Kg7 46.Kg3 Re7 47.Kf2 Nd7 48.b4 Nf6 49.Rd4 Kg6 50.Bf3 Kf5 51.Rc4 Re8
52.b5 cxb5 53.Rb4 Re5 54.Rxb5 Nd7 55.Rxb7 Nxc5  1/2-1/2

[Event "Pripis mem"]
[Site "Moscow"]
[Date "1997.??.??"]
[Round "5"]
[White "Baikov, Vladimir A"]
[Black "Seferjan, Narek"]
[Result "1-0"]
[WhiteElo "2455"]
[BlackElo "2275"]

1.d4 e6 2.c4 Nf6 3.Nf3 Bb4+ 4.Bd2 c5 5.Bxb4 cxb4 6.g3 b6 7.Bg2 Bb7 8.O-O O-O
9.Qd3 d6 10.Nbd2 Nbd7 11.e4 Qc7 12.Rfd1 Rac8 13.Ne1 e5 14.b3 a5 15.Nc2 Rfe8
16.Ne3 exd4 17.Qxd4 Nc5 18.Nf5 Rcd8 19.f3 Ne6 20.Qf2 g6 21.Nd4 Qc5 22.Nf1 Ba6
23.Rd2 Nxd4 24.Qxd4 b5 25.cxb5 Bxb5 26.Rad1 Rc8 27.Ne3 Kg7 28.Kf2 Rc6 29.g4 h6
30.h4 Qe5 31.Qxe5 dxe5 32.Bf1 Bxf1 33.Rxf1 a4 34.Nc4 Rc5 35.Rfd1 axb3 36.axb3 Ra8
37.Kg3 Ra6 38.h5  1-0

[Event "Moscow-1"]
[Site "Moscow"]
[Date "1997.??.??"]
[Round "7"]
[White "Zhidkov, Valery S"]
[Black "Lomineishvili, Maia"]
[Result "1/2-1/2"]
[WhiteElo "2335"]
[BlackElo "2385"]

1.Nf3 Nf6 2.c4 e6 3.d4 Bb4+ 4.Bd2 Qe7 5.g3 Nc6 6.Bg2 Bxd2+ 7.Nbxd2 d6 8.Nf1 O-O
9.Ne3 e5 10.O-O Re8 11.Re1 a5 12.Rc1 Qd8 13.dxe5  1/2-1/2

[Event "Moscow-1"]
[Site "Moscow"]
[Date "1997.??.??"]
[Round "9"]
[White "Iljushin, Alexei"]
[Black "Lomineishvili, Maia"]
[Result "1-0"]
[WhiteElo "2410"]
[BlackElo "2385"]

1.d4 Nf6 2.c4 e6 3.Nf3 Bb4+ 4.Bd2 Qe7 5.g3 Nc6 6.Bg2 Bxd2+ 7.Nbxd2 d6 8.O-O a5
9.e4 e5 10.d5 Nb8 11.Ne1 O-O 12.Nd3 Na6 13.Qc2 Bd7 14.Qc3 b6 15.b3 c6 16.Rae1 Ng4
17.h3 Nh6 18.f4 f6 19.a3 cxd5 20.exd5 Nf5 21.g4 Nh4 22.Bh1 Nc5 23.Nxc5 bxc5
24.f5 g5 25.Be4 Kf7 26.Rb1 Qd8 27.b4 Qb6 28.Qe3 axb4 29.axb4 Rfc8 30.bxc5 Qxc5
31.Qxc5 Rxc5 32.Ra1 Rca5 33.Rxa5 Rxa5 34.Kf2 Ra3 35.Rb1 Rxh3 36.Rb7 Ke7 37.c5 dxc5
38.d6+ Kxd6 39.Nc4+ Ke7 40.Nb6 Rh2+ 41.Ke3 Ng2+ 42.Bxg2 Rxg2 43.Nxd7 c4 44.Nxe5+ Ke8
45.Kf3 Rc2 46.Nd7 Ke7 47.Nc5+ Kd6 48.Ne4+ Kc6 49.Rxh7 c3 50.Rh1 Rb2 51.Rc1 c2
52.Nxf6  1-0

[Event "Moscow"]
[Site "Moscow"]
[Date "1997.??.??"]
[Round "10"]
[White "Birjukov, Sergei"]
[Black "Zhidkov, Valery S"]
[Result "1/2-1/2"]
[WhiteElo "2260"]
[BlackElo "2335"]

1.d4 Nf6 2.c4 e6 3.Nf3 Bb4+ 4.Bd2 Qe7 5.g3 Nc6 6.Bg2 Bxd2+ 7.Nbxd2 d6 8.Nf1 e5
9.Ne3 O-O 10.O-O Re8 11.Rc1 Qd8 12.a3 e4 13.Ne1 a5 14.b3 Ne7 15.N1c2 c6 16.d5 c5
17.f4 exf3 18.exf3 Nf5 19.Re1 Nxe3  1/2-1/2

[Event "Moscow-1"]
[Site "Moscow"]
[Date "1997.??.??"]
[Round "10"]
[White "Rychagov, Andrei"]
[Black "Zhidkov, Valery S"]
[Result "1-0"]
[WhiteElo "2455"]
[BlackElo "2335"]

1.d4 Nf6 2.c4 e6 3.Nf3 Bb4+ 4.Bd2 Qe7 5.g3 Nc6 6.Bg2 Bxd2+ 7.Nbxd2 d6 8.O-O a5
9.e4 e5 10.d5 Nb8 11.Ne1 h5 12.h3 h4 13.g4 Nbd7 14.Nd3 Nh7 15.Qa4 O-O 16.a3 Ra6
17.Rae1 Re8 18.Qc2 a4 19.Nb1 Nhf8 20.Nc3 Nb6 21.f4 Nxc4 22.Nxa4 b5 23.Nc3 exf4
24.Nxb5 Ne3 25.Rxe3 fxe3 26.Nxc7 Rd8 27.Rc1 Rb6 28.a4 Ng6 29.a5 Rb7 30.b4 Bd7
31.a6 Ra7 32.b5 Rb8 33.Qc4 Qd8 34.e5 Bxb5 35.Nxb5 Rxa6 36.Nxd6 Rba8 37.Nxf7 Qb6
38.d6 Ra4 39.Qd5 e2+ 40.Kh2 Qe3 41.d7 Qxc1 42.Ng5+  1-0

[Event "Moscow-ch (Women)"]
[Site "Moscow"]
[Date "1997.??.??"]
[Round "11"]
[White "Grabuzova, Tatiana"]
[Black "Gansvind, VaIerija"]
[Result "1/2-1/2"]
[WhiteElo "2315"]
[BlackElo "2185"]

1.d4 Nf6 2.Nf3 e6 3.c4 Bb4+ 4.Bd2 Qe7 5.Nc3 b6 6.g3 Bb7 7.Bg2 O-O 8.O-O a5
9.Qc2 Bxc3 10.Bxc3 Be4 11.Qd2 d6 12.Qg5 Nbd7 13.Rfd1 Rfe8 14.Rac1 Rac8 15.Qh4 Nf8
16.d5 e5 17.Bh3 Ra8 18.Nd2 Bg6 19.Re1 N8d7 20.Bxd7 Nxd7 21.Qxe7 Rxe7 22.b3 f5
23.a3 Rf8 24.Nf3 h6 25.Ra1 f4 26.b4 a4 27.Rad1 Bh5 28.Nh4 g5 29.Ng2 f3 30.exf3 Rxf3
31.Ne3 Nf6 32.Rc1 Ne4 33.Nf5 Rxf5 34.Rxe4 Rf3 35.Re3 Ref7 36.Be1 Rxe3 37.fxe3 Bf3
38.Bd2 Be4 39.c5 dxc5 40.bxc5 Rd7 41.cxb6 cxb6 42.Bb4 Rxd5 43.Rc8+ Kf7 44.Rc7+ Kg6
45.Rc6+ Kf5 46.Rd6 Rxd6  1/2-1/2

[Event "NRW-Cup Masters op"]
[Site "Muenster"]
[Date "1997.??.??"]
[Round "3"]
[White "Schlecht, Daniel"]
[Black "Keitlinghaus, Ludger"]
[Result "1-0"]
[WhiteElo "2270"]
[BlackElo "2525"]

1.d4 Nf6 2.c4 e6 3.Nf3 Bb4+ 4.Bd2 c5 5.Bxb4 cxb4 6.g3 O-O 7.Bg2 d6 8.O-O a5
9.a3 Na6 10.Nbd2 Qc7 11.Qb3 Bd7 12.Ne1 e5 13.e3 Bf5 14.Rc1 Rae8 15.Nc2 Bg6
16.axb4 Bxc2 17.Qxc2 Nxb4 18.Qf5 exd4 19.exd4 Re2 20.Rfd1 Rfe8 21.Bf3 R2e7
22.Kg2 b6 23.h4 Re6 24.h5 h6 25.b3 Qe7 26.Nb1 Nh7 27.Nc3 Ng5 28.Bd5 Nxd5
29.Nxd5 Qb7 30.Qd3 Re2 31.Kf1 Qd7 32.Nf4 R2e4 33.Re1 Qf5 34.Rxe4 Rxe4 35.Rd1 Ne6
36.Nxe6 Qxe6 37.Kg2 d5 38.Qf3 f5 39.c5 bxc5 40.dxc5 d4 41.Ra1 Qc6 42.Rxa5 d3
43.Ra2 Qxc5 44.Qxd3 Kh7 45.Rc2 Rd4 46.Rxc5 Rxd3 47.Rb5 Kg8 48.b4 Rb3 49.Rb7 Kf8
50.b5 Kg8 51.b6 Kh7 52.Rb8 g5 53.hxg6+ Kxg6 54.b7 Kg7 55.f4 Rb2+ 56.Kf3 h5
57.Ke3 Rb4 58.Kd3 Kh7 59.Kc3 Rb1 60.Kc4 Kg7 61.Kd5  1-0

[Event "NRW-Cup Masters op"]
[Site "Muenster"]
[Date "1997.??.??"]
[Round "4"]
[White "Gofshtein, Leonid D"]
[Black "Shpilker, Boris"]
[Result "1-0"]
[WhiteElo "2545"]
[BlackElo "2380"]

1.d4 Nf6 2.c4 e6 3.Nf3 Bb4+ 4.Bd2 a5 5.Nc3 b6 6.Bg5 Bb7 7.e3 a4 8.a3 Bxc3+
9.bxc3 Ra5 10.Bh4 d6 11.Nd2 g5 12.Bg3 h5 13.h4 g4 14.Qc2 Nc6 15.Bd3 Ne7 16.e4 Nd7
17.O-O-O O-O 18.Bf4 Ng6 19.Bh6 Re8 20.f3 Nxh4 21.fxg4 hxg4 22.g3 Ng6 23.e5 Ndf8
24.Be4 d5 25.cxd5 exd5 26.Bxg6 Nxg6 27.Rdf1 Re6 28.Qf5 Qe7 29.Bg5 Qxa3+ 30.Kd1 Qf8
31.Bf6 Rxf6 32.exf6 Qc8 33.Qh5  1-0

[Event "NRW-Cup Masters op"]
[Site "Muenster"]
[Date "1997.??.??"]
[Round "5"]
[White "Kistella, Roman"]
[Black "Keitlinghaus, Ludger"]
[Result "0-1"]
[WhiteElo "2280"]
[BlackElo "2525"]

1.d4 Nf6 2.c4 e6 3.Nf3 Bb4+ 4.Bd2 Qe7 5.g3 Nc6 6.Bg2 Bxd2+ 7.Nbxd2 d6 8.O-O O-O
9.e4 e5 10.d5 Nb8 11.Ne1 a5 12.Nd3 Na6 13.a3 c6 14.b4 cxd5 15.cxd5 axb4 16.axb4 Bd7
17.Qb3 Nc7 18.Nc4 Nb5 19.Qb2 Rxa1 20.Rxa1 Ne8 21.Na5 f5 22.Nxb7 fxe4 23.Bxe4 Nf6
24.f3 Nxe4 25.fxe4 Nd4 26.Na5 Bb5 27.Nc6 Qg5 28.Nf2 Ne2+ 29.Kg2 Qf6 30.Ng4 Qf3+
31.Kh3 Nf4+ 32.Kh4 Ng6+ 33.Kh3 Be2  0-1

[Event "FIN-ch op"]
[Site "Naan"]
[Date "1997.??.??"]
[Round "?"]
[White "Veingold, Aleksandr"]
[Black "Nykopp, Jan Michael F"]
[Result "1-0"]
[WhiteElo "2460"]
[BlackElo "2255"]

1.d4 Nf6 2.Nf3 e6 3.c4 Bb4+ 4.Bd2 c5 5.Bxb4 cxb4 6.g3 O-O 7.Bg2 d5 8.Nbd2 Nc6
9.O-O b6 10.Rc1 Bb7 11.cxd5 exd5 12.e3 Re8 13.Qa4 Qd6 14.Rfd1 a6 15.Bh3 h5
16.Qc2 g6 17.Ne5 Nxe5 18.dxe5 Qxe5 19.Nf3 Qe4 20.Nd4 Qxc2 21.Rxc2 Bc8 22.Bxc8 Raxc8
23.Nc6 Kg7 24.Nxb4 Rxc2 25.Nxc2 a5 26.Nd4 Rc8 27.h4 Rc5 28.f3 Ng8 29.Kf2 Ne7
30.Ke2 Kf6 31.Rd3 Nf5 32.Nxf5 Kxf5 33.Kd2 Ke5 34.Rb3 b5 35.Rc3 Rc4 36.Ra3 a4
37.b3 axb3 38.axb3 Rc7 39.Ra5 Rb7 40.Kd3 Rb6 41.b4 f6 42.Ra8 Ke6 43.Re8+ Kf7
44.Rc8 Ke6 45.Kd4 Ra6 46.Rb8 Rc6 47.Rxb5 Rc4+ 48.Kd3 Rc1 49.Rc5 Rb1 50.b5 Kd6
51.Rc6+ Ke5 52.f4+ Kf5 53.b6 g5 54.hxg5 fxg5 55.fxg5 Kxg5 56.Kd4 Rb5 57.Ke5 Kg4
58.Rg6+ Kf3 59.Kd4 Kf2 60.e4 dxe4 61.Kxe4 Kg2 62.Kd4 Kh3 63.Kc4 Rb1 64.Kc5 Rc1+
65.Kd6 Rd1+ 66.Kc7 Rc1+ 67.Rc6 Rb1 68.Rc3  1-0

[Event "New York op"]
[Site "New York"]
[Date "1997.??.??"]
[Round "?"]
[White "Epishin, Vladimir"]
[Black "Dizdar, Goran"]
[Result "1/2-1/2"]
[WhiteElo "2600"]
[BlackElo "2550"]

1.d4 Nf6 2.c4 e6 3.Nf3 Bb4+ 4.Bd2 c5 5.Bxb4 cxb4 6.g3 O-O 7.Bg2 d6 8.O-O Nc6
9.Qd3 e5 10.Nbd2 Bg4 11.e4 Nd7 12.Rfc1 Qf6 13.d5 Ncb8 14.Ne1 a5 15.Qe3 Nc5
16.a3 Nba6 17.Nc2 Bd7 18.axb4 Nxb4 19.Nxb4 axb4 20.Nb3 b6 21.Nxc5 bxc5 22.Qe1 Rfb8
23.Rxa8 Rxa8 24.Ra1 Qd8 25.Bf1 Ra5 26.Bd3 Qa8 27.Rxa5 Qxa5 28.Qc1 Qa2 29.Qb1 Qxb1+
30.Bxb1 Ba4 31.Kf1 g6 32.Ke2 Bb3 33.Bd3 Kf8 34.Ke3 f6 35.Kd2 Ke7 36.Be2 Kd8
37.Kd3 Ke7 38.Kd2 Kd8  1/2-1/2

[Event "Nigran"]
[Site "Nigran"]
[Date "1997.??.??"]
[Round "4"]
[White "Garcia Carbo, Marcial"]
[Black "Gabaldon, Miguel"]
[Result "1-0"]
[WhiteElo "2300"]
[BlackElo "2250"]

1.d4 Nf6 2.c4 e6 3.Nf3 Bb4+ 4.Bd2 a5 5.g3 d6 6.Bg2 Nbd7 7.O-O e5 8.Bg5 exd4
9.Nxd4 O-O 10.Qc2 h6 11.Bf4 Ne5 12.Rd1 Ng6 13.Bd2 Re8 14.Bc3 c6 15.e4 Qe7
16.Nd2 Bxc3 17.Qxc3 Qe5 18.Re1 Bd7 19.Rad1 Qc5 20.Nf1 Re7 21.Qc2 a4 22.Ne3 Rae8
23.Ndf5 Bxf5 24.Nxf5 Re6 25.Nd4 Re5 26.h3 Nf8 27.f4 R5e7 28.Kh1 g6 29.Qd3 Qa5
30.Nc2 Re6 31.b4 Qb6 32.b5 N8d7 33.Nd4 Nc5 34.Qb1 R6e7 35.bxc6 Qxb1 36.Rxb1 bxc6
37.Nxc6 Rc7 38.e5 Nd3 39.Re3 Nf2+ 40.Kg1 N2e4 41.exf6  1-0

[Event "JUG-chT (Women)"]
[Site "Niksic"]
[Date "1997.??.??"]
[Round "7"]
[White "Bojkovic, Natasa"]
[Black "Maric, Alisa"]
[Result "1/2-1/2"]
[WhiteElo "2415"]
[BlackElo "2460"]

1.d4 Nf6 2.Nf3 e6 3.c4 Bb4+ 4.Bd2 Qe7 5.g3 b6 6.Bg2 Bb7 7.Nc3 O-O 8.O-O d6
9.Rc1 Bxc3 10.Bxc3 Ne4 11.Nd2 Nxc3 12.Rxc3 Bxg2 13.Kxg2 Nd7 14.Nf3 c5 15.Rd3 Rfd8
16.dxc5 Nxc5 17.Rd4 Rac8 18.Qb1 a6 19.Rc1 h6 20.Rc3 Qb7 21.Kg1 e5 22.Rd1 Ne4
23.Rcc1 Nf6 24.Rc3 g6 25.Rcc1 Qe4 26.Qxe4 Nxe4 27.Ne1 Kg7 28.Nd3 a5 29.f3 Nc5
30.Nf2 f5 31.Rd2 Kf6 32.Nd1 Ne6 33.Nc3 Kf7 34.b4 Nd4 35.Kf2 Ne6 36.Rdd1 Rc6
37.Nb5 Ke7 38.Na7 Rc7 39.Nb5 Rc6 40.Na7 Rc7 41.Nb5 Rc6  1/2-1/2

[Event "JUG-ch52"]
[Site "Niksic"]
[Date "1997.??.??"]
[Round "8"]
[White "Ilincic, Zlatko"]
[Black "Damljanovic, Branko"]
[Result "1-0"]
[WhiteElo "2565"]
[BlackElo "2540"]

1.d4 Nf6 2.c4 e6 3.Nf3 Bb4+ 4.Bd2 Qe7 5.g3 b6 6.Bg2 Bb7 7.O-O Bxd2 8.Qxd2 O-O
9.Nc3 d5 10.Ne5 Na6 11.Rfd1 Rfd8 12.Qg5 h6 13.Qh4 Qf8 14.g4 g5 15.Qg3 Ne4
16.Qe3 Nxc3 17.bxc3 f6 18.Nc6 Rd6 19.cxd5 Re8 20.Nxa7 exd5 21.Qd3 Rde6 22.c4 Nb4
23.Qf5 Rxe2 24.a3 Nc2 25.Rac1 Ne1 26.Bxd5+ Bxd5 27.cxd5 Qe7 28.Nb5 Qe4 29.Qxe4 R8xe4
30.Nc3 Nf3+ 31.Kg2 Nh4+ 32.Kf1  1-0

[Event "NOR-chT"]
[Site "NOR"]
[Date "1997.??.??"]
[Round "6"]
[White "Madsen, Dag"]
[Black "Fyllingen, Roy Harald"]
[Result "1-0"]
[WhiteElo "2265"]
[BlackElo "2410"]

1.Nf3 Nf6 2.c4 e6 3.d4 Bb4+ 4.Bd2 a5 5.g3 b6 6.Bg2 Ba6 7.Qc2 c5 8.O-O Bxd2
9.Nbxd2 Nc6 10.e4 cxd4 11.e5 Ng4 12.Rfe1 O-O 13.h3 Nh6 14.Rad1 Rc8 15.Ne4 Nb4
16.Qd2 Rxc4 17.Nf6+ Kh8 18.a3 Rc2 19.Qxd4 gxf6 20.axb4 Nf5 21.Qxd7 Qxd7 22.Rxd7 axb4
23.g4 Nh6 24.exf6 Rxb2 25.Ne5 Kg8 26.Red1 Rc2 27.Bc6 Be2 28.R1d4 Nxg4 29.hxg4 h5
30.Rd8 Rc1+ 31.Kh2 hxg4 32.Rxf8+ Kh7 33.Be4+  1-0